Exploring the elements of design

Bibliographic Details
Main Authors: Evans, Poppy , 1949- (Author), Thomas, Mark , 1952- (Author)
Format: Book
Language:English
Published: Clifton Park, NY : Thomson/Delmar Learning , c2004
Subjects:

MARC

LEADER 00000cam a2200000 7i4500
001 0000007500
005 20190505093000.0
008 061205 nyua eng
020 |a 1401832865 
090 0 0 |a NC997   |b .E94 2004 
100 1 |a Evans, Poppy ,   |d 1949- ,   |e author 
245 1 0 |a Exploring the elements of design   |c Poppy Evans, Mark Thomas 
260 2 |a Clifton Park, NY :   |b Thomson/Delmar Learning ,   |c c2004 
300 |a xvii, 206 p. :   |b col. ill. ;   |c 26 cm. 
504 |a Includes index 
650 0 |a Commercial art 
650 0 |a Graphic arts 
700 1 |a Thomas, Mark ,   |d 1952- ,   |e author 
999 |a 1000105714   |b Book   |c OPEN SHELF (30 DAYS)   |e Gong Badak Campus